Online
Catalog

Haz y envés : (Record no. 20145)

MARC details
000 -CABECERA
campo de control de longitud fija 01162nam a2200301 u 4500
001 - NÚMERO DE CONTROL
campo de control 000020641
003 - IDENTIFICADOR DEL NÚMERO DE CONTROL
campo de control OSt
005 - FECHA Y HORA DE LA ÚLTIMA TRANSACCIÓN
campo de control 20250228152923.0
008 - DATOS DE LONGITUD FIJA--INFORMACIÓN GENERAL
campo de control de longitud fija 100812s2009 rd c 000 0 spa
040 ## - FUENTE DE LA CATALOGACIÓN
Centro catalogador/agencia de origen DO-SdBNP
Lengua de catalogación spa
Centro/agencia transcriptor BNPHU
245 00 - MENCIÓN DE TÍTULO
Título Haz y envés :
Resto del título una visión retrospectiva de la obra del maestro Ramón Oviedo /
Mención de responsabilidad, etc. textos: María Elena Ditrén..[et al] ; traducción: Fidel Munnigh ; fotografía: Mariano Hernández, David Pou
260 ## - PUBLICACIÓN, DISTRIBUCIÓN, ETC.
Lugar de publicación, distribución, etc. Santo Domingo,
Fecha de publicación, distribución, etc. [2009].
Nombre del editor, distribuidor, etc. Ministerio de Cultura
300 ## - DESCRIPCIÓN FÍSICA
Extensión 220 p.
Otras características físicas fot.
Dimensiones 31 cm.
500 ## - NOTA GENERAL
Nota general Libro de pasta dura y paginas laminadas
590 ## - NOTA LOCAL (RLIN)
Nota local Inventariado, 2020/YL
700 12 - PUNTO DE ACCESO ADICIONAL--NOMBRE DE PERSONA
Nombre de persona Ditrén, María Elena
Término indicativo de función/relación textos
9 (RLIN) 76672
700 12 - PUNTO DE ACCESO ADICIONAL--NOMBRE DE PERSONA
Nombre de persona Acero Ruiz, Carlos
Término indicativo de función/relación textos
9 (RLIN) 71614
700 12 - PUNTO DE ACCESO ADICIONAL--NOMBRE DE PERSONA
Nombre de persona Hermann, Sarah
Término indicativo de función/relación textos
9 (RLIN) 76673
700 12 - PUNTO DE ACCESO ADICIONAL--NOMBRE DE PERSONA
Nombre de persona López Meléndez, Amable
Término indicativo de función/relación textos
9 (RLIN) 25471
700 12 - PUNTO DE ACCESO ADICIONAL--NOMBRE DE PERSONA
Nombre de persona Gil Fiallo, Laura
Término indicativo de función/relación textos
9 (RLIN) 26642
700 12 - PUNTO DE ACCESO ADICIONAL--NOMBRE DE PERSONA
Nombre de persona Muñoz, Miguel Ángel
Término indicativo de función/relación textos
9 (RLIN) 76674
700 12 - PUNTO DE ACCESO ADICIONAL--NOMBRE DE PERSONA
Nombre de persona Castillo, Efraím,
Fechas asociadas al nombre 1940-
Término indicativo de función/relación textos
9 (RLIN) 28022
700 12 - PUNTO DE ACCESO ADICIONAL--NOMBRE DE PERSONA
Nombre de persona Munnigh, Fidel
Término indicativo de función/relación trad.
9 (RLIN) 35003
700 12 - PUNTO DE ACCESO ADICIONAL--NOMBRE DE PERSONA
Nombre de persona Hernández, Mariano
Término indicativo de función/relación fot.
9 (RLIN) 59875
700 12 - PUNTO DE ACCESO ADICIONAL--NOMBRE DE PERSONA
Nombre de persona Pou, David
Término indicativo de función/relación fot.
9 (RLIN) 76675
942 ## - ELEMENTOS DE PUNTO DE ACCESO ADICIONAL (KOHA)
Fuente del sistema de clasificación o colocación Dewey Decimal Classification
Tipo de ítem Koha Libros y folletos
956 ## - LOCALIZACIÓN Y ACCESO ELECTRÓNICOS LOCAL (OCLC)
Nombre del host YLOCKWARD
Holdings
Estado de retiro Estado de pérdida Fuente del sistema de clasificación o colocación Restricciones de uso No para préstamo Código de colección Localización permanente Ubicación/localización actual Ubicación en estantería Fecha de adquisición Fuente de adquisición Número de inventario Total de préstamos Signatura topográfica completa Código de barras Fecha visto por última vez Número de copia Precio válido a partir de Tipo de ítem Koha
    Dewey Decimal Classification Préstamo en sala   Monografías: Libros y Folletos General General En catalogación 13.03.2020 Museo de Arte Moderno LF1   20641-30 25.06.2020 e. 3 25.06.2020 No se presta
    Dewey Decimal Classification     Monografías: Libros y Folletos Patrimonio Dominicano Patrimonio Dominicano En catalogación 13.03.2020 Museo de Arte Moderno LF1   20641-10 25.06.2020   25.06.2020 No se presta
    Dewey Decimal Classification   Préstamo restrigido Monografías: Libros y Folletos Patrimonio Dominicano Patrimonio Dominicano En catalogación 13.03.2020 Museo de Arte Moderno LF1   20641-20 25.06.2020 e. 2 25.06.2020 No se presta

Powered by Koha